Style Sisters: Helping You Live an Organised & Stylish Life (Record no. 368995)

MARC details
000 -LEADER
fixed length control field 00411 a2200157 4500
005 - DATE AND TIME OF LATEST TRANSACTION
control field 20251029144007.0
008 - FIXED-LENGTH DATA ELEMENTS--GENERAL INFORMATION
fixed length control field 251029b |||||||| |||| 00| 0 eng d
020 ## - INTERNATIONAL STANDARD BOOK NUMBER
International Standard Book Number 9781529347258
082 ## - DEWEY DECIMAL CLASSIFICATION NUMBER
Classification number 729/LIL
100 ## - MAIN ENTRY--PERSONAL NAME
Author Lilly G
245 ## - TITLE STATEMENT
Title Style Sisters: Helping You Live an Organised & Stylish Life
260 ## - PUBLICATION, DISTRIBUTION, ETC.
Name of publisher, distributor, etc. Yellow KITE
Date of publication, distribution, etc. 2021
300 ## - PHYSICAL DESCRIPTION
Extent 220P
Other physical details HB
500 ## - GENERAL NOTE
Keywords Interior Design
942 ## - ADDED ENTRY ELEMENTS (KOHA)
Koha item type Books
Holdings
Withdrawn status Lost status Source of classification or shelving scheme Damaged status Not for loan Home library Current library Date acquired Vendor Net Price Total Checkouts Full call number Barcode Date last seen Actual Price Bill Date Koha item type
    Dewey Decimal Classification     Dr. Bhanuben Nanavati College of Architecture Dr. Bhanuben Nanavati College of Architecture 28/10/2025 170 1304.78   729/LIL BNCA-BK-13344 28/10/2025 2071.08 28/10/2025 Books